000 00630nam a2200205Ii 4500
003 JO-AjNU
008 230606s9999||||xx |||||||||||||| ||und||
020 _a978-0-671-74190-7
040 _aJO-AjNU
_beng
_erda
_cJO-AjNU
041 _aeng
050 1 4 _aPE1449.L46
100 3 _aتاليف Lewis,Norman,
_eauthor
_92368
245 0 0 _aWord Power Made Easy:Fully Revised and Expanded
264 3 1 _aNew York:Pocket Books,1900
300 _a528p
336 _atext
_btxt
_2rdacontent
337 _aunmediated
_bn
_2rdamedia
338 _avolume
_bnc
_2rdacarrier
650 4 _aWord Power Made Easy-Fully Revised and Expanded
_92369
999 _aE1242
_c1242
_d1242